00645nam a2200169 a 450000100100000000500170001000800410002704000250006808200080009310000320010124501130013326000430024630000360028970000250032595201080035099900170045800004018020201002033951.0130813s1982 fr ac 000 0 spa d aDO-SdBNPbspacBNPHU axxx1 aVan Der Kemp, Gerald96645310aVersalles :bguía paseo /cGerald Van Der Kemp, Daniel Meyer ; versión española Brigitte Buzon- Marre. aParís :bEditions D´Art Lys,c1982. a128 p. :bil., retrs. ;c21 cm.1 aMeyer, Daniel966454 001050718MOaGRbGRcCTd2013-08-13iLF1l0oxxx p40180-10r2020-06-25w2020-06-25y1ZNo se presta c39670d39670